000 00748cam a22002533a 4500
001 2847
003 PGUSA
005 20140828083022.0
008 011001s2001||||xxu|||||s|||||000 | eng d
040 _aPGUSA
_beng
042 _adc
050 4 _aDS
100 1 _aJosephus, Flavius,
_d37-
245 1 3 _aAn Extract out of Josephus's Discourse to The Greeks Concerning Hades
_h[electronic resource] /
_cFlavius Josephus
260 _bProject Gutenberg,
_c2001
506 _aPublic domain in the USA.
516 _aElectronic text
653 _aJews -- Antiquities
653 _aJews -- History
700 1 _aWhiston, William,
_d1667-1752
830 0 _aProject Gutenberg
_v2847
856 4 0 _uhttp://www.gutenberg.org/ebooks/2847
942 _cEB
999 _c232179
_d232179